logo

Bir Sreshtho Munshi Abdur Rouf Library
Jhenaidah Cadet College

বঙ্গবন্ধু: (Record no. 13986)

MARC details
000 -LEADER
fixed length control field 00745nam a2200229 a 4500
001 - CONTROL NUMBER
JCCL Control Number 13986
003 - CONTROL NUMBER IDENTIFIER
JCCL marc code BD-JhCC
005 - DATE AND TIME OF LATEST TRANSACTION
control field 20240520202159.0
008 - FIXED-LENGTH DATA ELEMENTS--GENERAL INFORMATION
fixed length control field 201118b2014 bg |||| ||a| 001 0 ben d
020 ## - INTERNATIONAL STANDARD BOOK NUMBER
International Standard Book Number 9789849081333
035 ## - SYSTEM CONTROL NUMBER
system control number (BD-JhCC)13986
040 ## - CATALOGING SOURCE
Original cataloging agency BD-JhCC
Modifying agency BD-JhCC
041 ## - LANGUAGE CODE
Language code of Book ben
082 ## - DEWEY DECIMAL CLASSIFICATION NUMBER
Classification number 920
Author mark and Year BAN 2014
245 ## - TITLE STATEMENT
Title বঙ্গবন্ধু:
Remainder of title হত্যা জাতির বিরূদ্ধে সংঘটিত অপরাধ /
Statement of responsibility, etc সম্পাঃ আবদুল মতিন।
260 ## - PUBLICATION, DISTRIBUTION, ETC. (IMPRINT)
Place of publication, distribution, etc ঢাকা:
Name of publisher, distributor, etc মহাকাল;
Date of publication, distribution, etc 2014.
300 ## - PHYSICAL DESCRIPTION
Pagination 96 p. :
Dimensions 22 cm.
600 ## - SUBJECT ADDED ENTRY--PERSONAL NAME
Personal name Baṅgabandhu Mujibara Rahamāna
700 ## - ADDED ENTRY--PERSONAL NAME
Personal name মতিন,আবদুল
942 ## - ADDED ENTRY ELEMENTS (KOHA)
Source of classification or shelving scheme Dewey Decimal Classification
Koha item type Books
Holdings
Source of classification or shelving scheme Damaged status Not for loan Home library Current library Shelving location Date of accession Cost, normal purchase price Total Checkouts Full call number Barcode Date last seen Copy number Method of acquisition Koha item type Currency
Dewey Decimal Classification     JCC Rouf Library JCC Rouf Library General Stacks   180.00   920 BAN 2014 19355 05/20/2024 C-1 Purchase Books BDT

JCC Library | Contacts | JCC Home

Last Update on 23 September 2017
Copyright @ 2017-2020 JCC Rouf Library
Rouf Library, Jhenidah Cadet College (JCC), Bangladesh